000 00517 a2200181 4500
003 OSt
005 20231122144455.0
008 231122b |||||||| |||| 00| 0 eng d
020 _a9789392145667
040 _coclc
082 _a540
_bPAT/U
100 _aPatra, Dipendu
_99929
245 _aUGC CSIR NET/SET IIT-GATE Chemical Sciences /
_cDr. Dipendu Patra
250 _a5th ed.
260 _aKolkata:
_bTechno World,
_c2022.
300 _a721p
942 _2ddc
_cBK
_h540
_iPAT/U
_k540
_mPAT/U
999 _c41851
_d41851